000 00542nam a2200181 a 4500
005 20260417144744.0
008 260310s2026##################000#0#eng##
020 _a9781843106968
_qpbk
041 _aEng
082 0 4 _a362.29 BAR
100 _aBarlow,Joy
245 1 0 _aSubstance Misuse: The Implication of Research,Policy and Practice
_c/edited by Joy Barlow.
250 _a1st ed
260 _aLondon:
_bJessica Kingsley Publishers,
_c2010.
300 _a240p;
_c20 cm
650 _aSocial Problems, Economics.
942 _cENGLISH
999 _c617340
_d617340